[Event "YUG-ch"]
[Site "Novi Sad"]
[Date "1995.??.??"]
[Round "?"]
[White "Simic, Radoslav"]
[Black "Gligoric, Svetozar"]
[Result "1-0"]
[WhiteElo "2485"]
[BlackElo "2455"]
[Annotator "Stohl,I"]
[PlyCount "47"]
[EventDate "1995.02.??"]
[EventType "tourn"]
[EventRounds "17"]
[EventCountry "YUG"]
[EventCategory "10"]
[SourceTitle "CBM 049"]
[Source "ChessBase"]
[SourceDate "1995.12.01"]
[SourceVersion "1"]
[SourceVersionDate "1995.12.01"]
[SourceQuality "1"]

1. c4 c5 2. g3 Nf6 3. Bg2 d5 4. Nf3 Nc6 5. O-O (5. cxd5 Nxd5 6. d4 cxd4 7. Nxd4
Ndb4 8. Nxc6 Qxd1+ 9. Kxd1 Nxc6 10. Bxc6+ bxc6 11. Be3 e5 12. Nc3 Bb4 13. Rc1
Be6 14. f3 a5 15. b3 Bxc3 16. Rxc3 a4 17. bxa4 Rxa4 18. a3 O-O 19. Ke1 Rfa8 20.
Bc5 e4 21. Kf2 exf3 22. exf3 Rd8 23. Bb4 Ra6 24. Rcc1 h6 25. Rhd1 Rxd1 26. Rxd1
Bd5 $10 {Larsen,B-Sax,G/Hastings/1990/}) 5... e5 6. d3 (6. cxd5 Nxd5 7. Nc3 {
[%cal Rf3e5] /\Ne5!} Nc7 8. d3 Be7 9. Nd2 Bd7 10. Nc4 f6 $10 {-A34}) (6. Qa4 $5
Bd7 (6... Qd6 7. Nc3 (7. d3 Be7 (7... Bd7 8. Qb3 Na5 9. Qc3 Nc6 10. Qb3 Na5 11.
Qc3 Nc6 {0,5/Panno,O-Quinteros,M/Buenos Aires/1980/}) 8. Bg5 O-O 9. Nc3 d4 10.
Bxf6 Bxf6 11. Nd5 Be7 12. Nd2 f5 13. a3 Bd7 14. Qc2 Bg5 15. b4 Bxd2 16. Qxd2 f4
17. bxc5 Qxc5 18. Be4 Rae8 19. f3 Qd6 20. Rf2 Kh8 21. g4 Bc8 22. h4 Be6 23. Qb2
b6 24. Rh2 Rc8 25. Kf2 Ne7 $10 {Danailov,S-Garcia Fernandez,C/Zaragoza op/1992/
}) 7... d4 8. Nd5 Rb8 9. d3 Bd7 10. e4 dxe3 11. Bxe3 Nxd5 12. cxd5 Qxd5 13. Ng5
Qxd3 14. Rfd1 Qg6 15. Bd5 b5 16. Qa6 Rb6 17. Qxb6 axb6 18. Bxf7+ Qxf7 19. Nxf7
Kxf7 20. Rxd7+ Be7 21. Rb7 Rb8 22. Rxb8 Nxb8 23. Kg2 $16 {Vaulin,A-Beshukov,S/
Smolensk/1991/}) 7. cxd5 Nb4 8. Qd1 (8. Qb3 Qc7 9. Nc3 c4 10. Qd1 Nbxd5 11.
Nxd5 Nxd5 12. d3 Nb6 13. dxc4 Nxc4 14. Qc2 Bd6 15. Ng5 Na5 16. Qxc7 Bxc7 17.
Bd5 f6 18. Ne6 Bxe6 19. Bxe6 Ke7 20. Bd5 Rhd8 21. e4 Bb6 22. Bd2 Nc6 23. Bc3
Rac8 24. Rac1 Bd4 $15 {Adamski,J-Zagorskis,D/Schwaebisch Gmuend op/1995/}) 8...
Bd6 9. Nc3 O-O 10. Ne1 Re8 11. d3 Qc8 12. e4 h6 13. a3 Na6 14. Nc2 c4 15. dxc4
Qxc4 16. Ne3 Qc5 17. Bd2 Rac8 18. Qe2 $16 {Meyer,P-Vogelmann,P/2BLW 9091/1990/}
) 6... Be7 (6... d4 7. e3 Be7 8. exd4 exd4 9. Re1 O-O $10) 7. Bg5 (7. Na3 O-O
8. cxd5 Nxd5 9. Nc4 f6 10. a4 Be6 11. Bd2 Qd7 12. a5 Rab8 13. Ne1 b5 14. axb6
axb6 15. f4 exf4 16. gxf4 b5 17. Na5 Nxa5 18. Rxa5 Bd8 19. Ra1 Bb6 20. Kh1 Ne7
21. e4 f5 $36 {Sznapik,A-Skrobek,R/Lodz Makarczyk-mem/1978/}) (7. Nc3 d4 8. Na4
O-O 9. a3 a5 $6 10. Bg5 $1 Nd7 11. Bxe7 Qxe7 12. Re1 f5 13. e3 Qd6 14. exd4
cxd4 15. Ng5 Nf6 16. Nb6 Rb8 17. c5 Qe7 18. b4 Nd7 19. Bd5+ Kh8 20. Nxh7 $1 $16
{Azariants,E-Colson,A/Cannes op/1995/}) 7... d4 (7... O-O $6 8. Nc3 d4 9. Bxf6
Bxf6 10. Nd5 $14 {[%csl Rd5][%cal Gg2a8] ><d5,/^h1-a8}) 8. e3 dxe3 $6 $146 (
8... h6 $142 $5 9. Bxf6 Bxf6 $13) (8... O-O 9. exd4 exd4 10. Na3 Bf5 11. Nc2
Qd7 12. Rb1 a5 13. a3 Rfe8 14. Re1 Ng4 15. Bxe7 Rxe7 16. Rxe7 Qxe7 17. Nh4 Bd7
18. h3 Nf6 19. Qd2 Re8 20. Re1 Qd6 21. Rxe8+ Nxe8 22. Kh2 b6 23. f4 Nf6 24. Qe2
Qe7 $10 {Hoensch,M,M-Kerpf,B/2BLS 8788/1987/}) 9. fxe3 $1 (9. Bxe3 Bf5 10. Nc3
O-O $5 $15) 9... Ng4 (9... O-O 10. Nc3 Be6 11. Ne1 $1 $14 {[%cal Yg5f6,Yc3d5] /
\Bf6.Nd5}) 10. Bxe7 Qxe7 11. Qe2 e4 $5 (11... O-O 12. Nc3 $36 {[%csl Rd5] ><d5}
) 12. dxe4 Nge5 (12... Qxe4 $2 13. Nc3 $40 {@,/\} (13. Ng5 $2 Qe7 14. Nxf7 O-O
$15) 13... Qxe3+ $2 14. Qxe3+ Nxe3 15. Rfe1 $18) 13. Nc3 Bg4 14. Nd5 Bxf3 (
14... Qd8 15. Qc2 $14) 15. Bxf3 Qd8 16. Qf2 Nxc4 $2 (16... O-O 17. Be2 {
[%csl Gd5][%cal Ya1d1] /\Rad1+/=}) 17. Qc2 $40 {[%csl Re8] @,עe8} N6e5 (17...
N4e5 $142 18. Qxc5 b6 19. Qa3 $16) (17... Nd6 18. Qxc5 O-O 19. Rad1 {[%cal
Rd5c3] /\Nc3+-}) 18. Be2 Nd6 (18... b5 19. b3 $18) 19. Qc3 $1 f6 $8 20. Bh5+
Kd7 $8 (20... Kf8 21. Qxe5) 21. Qxc5 b6 (21... Nxe4 22. Qb4 Nd6 23. Rad1 $18 {
->}) 22. Qd4 Qb8 $6 (22... Kc8 $142 23. Rac1+ Kb7 24. Rc7+ Qxc7 25. Nxc7 Kxc7
$16) 23. Nxf6+ $1 gxf6 24. Rxf6 {[%cal Rd4e5,Ra1d1] /\Qe5,Rd1} 1-0

[Event "Hoogovens op"]
[Site "Wijk aan Zee"]
[Date "1995.01.??"]
[Round "6"]
[White "Schwartzman, Gabriel"]
[Black "Brodsky, Michail"]
[Result "1/2-1/2"]
[WhiteElo "2495"]
[BlackElo "2535"]
[Annotator "Stohl,I"]
[PlyCount "73"]
[EventDate "1995.01.??"]
[EventType "swiss"]
[EventRounds "12"]
[EventCountry "NED"]
[SourceTitle "CBM 046"]
[Source "ChessBase"]
[SourceDate "1995.06.01"]
[SourceVersion "1"]
[SourceVersionDate "1995.06.01"]
[SourceQuality "1"]

1. c4 Nf6 2. Nc3 c5 3. g3 e6 4. Nf3 b6 5. Bg2 Bb7 6. O-O Be7 7. d4 cxd4 8. Qxd4
d6 9. b3 Nbd7 (9... a6 $6 10. Ba3 $36) 10. Nb5 d5 (10... Nc5 11. Rd1 d5 12.
cxd5 exd5 $5 $132) 11. cxd5 (11. Bf4 $5 O-O 12. Ne5 Nc5 13. Rac1 a6 14. Nc3
Nce4 $6 15. Nxe4 dxe4 16. Be3 Bc5 17. Qxd8 Rfxd8 18. Bxc5 bxc5 19. Rfd1 Kf8 20.
f3 exf3 21. Bxf3 Bxf3 22. exf3 Rac8 23. Kf2 $14 {+/=/+/-,_|_><c5,Huzman,
A-Brodsky,M/URS-sf UKR-ch Kherson/1989/}) 11... Bxd5 $8 (11... exd5 12. Bf4 $16
) (11... Nxd5 $2 12. Qxg7 Bf6 13. Nd6+ Ke7 14. Qxf7+ Kxd6 15. Ba3+ $18) 12. Bf4
(12. Qf4 $5 O-O 13. Bb2 Bc6 $6 14. Nbd4 Bd5 15. Rfd1 Qb8 16. Rac1 Qxf4 17. gxf4
Bd6 18. f5 $36 {Stohl,I-Valiente,C/Novi Sad olm/1990/}) 12... O-O $1 13. Rac1 (
13. Bc7 Qc8 (13... Qe8 $2 14. Nd6 $18) 14. Rac1 Qb7 $10) 13... Bc5 14. Qa1 (14.
Qb2 $6 Qe7 {/\a6,Ba3}) 14... Qe7 15. Nc7 Bxf3 $1 (15... Rac8 16. Nxd5 Nxd5 17.
Bg5 $14 {^^,/\e4[+]}) 16. Bxf3 Rac8 (16... Rad8 $5 17. Na6 Bd6 18. Bxd6 Qxd6
19. a3 (19. Rfd1 Qa3 20. Nc7 Nc5 21. Nb5 Qa6 22. Nd6 Nd5 23. Bxd5 Rxd6 24. Bf3
Rxd1+ 25. Rxd1 Qa3 26. Qb1 a5 $10 {Chesarsky,E-Andrianov,N/Tel Aviv/1991/})
19... e5 20. Rfd1 Qe6 21. Qb1 e4 22. Bg2 $13 e3 $6 23. f4 h5 24. Nc7 Qe7 25. b4
h4 26. Qf5 $36 {Stohl,I-Duer,A/OST-chT 9091/1990/}) 17. Nb5 (17. Na6 Bd6 $10)
17... e5 18. Nxa7 $5 (18. Bd2 e4 $1 {/\e3|^}) (18. Bg5 h6 19. Bxf6 Nxf6 $10)
18... exf4 19. Nxc8 Rxc8 20. b4 Bxf2+ (20... fxg3 21. bxc5 (21. hxg3 Bxf2+ {
-20...Bf2}) 21... gxf2+ 22. Rxf2 Nxc5 $44 {עg1}) 21. Rxf2 Rxc1+ 22. Qxc1 fxg3
23. hxg3 Qxb4 $44 {עg1,P} 24. Kg2 (24. Qc8+ Nf8 {/\g6,Kg7<=>}) 24... g6 25.
Qf4 Qc5 26. Bb7 Kg7 27. e3 (27. e4 Qe7 $10 {/\Nc5,Ne5}) 27... h5 (27... Qe7 $5
$44) 28. Qd4 Qc7 29. Bd5 Ne5 30. Bf3 Kh7 31. Rd2 {/\Qd6} Nxf3 32. Kxf3 Ng4 33.
Qf4 (33. Qd6 Qc3 $10) 33... Qc6+ 34. Ke2 (34. e4 Qc3+ 35. Ke2 (35. Kg2 $4 Ne3+)
35... Qc4+ $10) 34... Qb5+ 35. Kd1 (35. Ke1 Qb1+ 36. Rd1 $2 (36. Ke2 $10) 36...
Qxa2 $15) 35... Qb1+ 36. Ke2 Qb5+ $10 37. Kd1 1/2-1/2

[Event "San Francisco"]
[Site "San Francisco"]
[Date "1995.??.??"]
[Round "9"]
[White "Tisdall, Jonathan D"]
[Black "Christiansen, Larry Mark"]
[Result "1-0"]
[WhiteElo "2470"]
[BlackElo "2570"]
[Annotator "Stohl,I"]
[PlyCount "81"]
[EventDate "1995.??.??"]
[EventType "game"]
[EventCountry "ARG"]
[SourceTitle "CBM 046"]
[Source "ChessBase"]
[SourceDate "1995.06.01"]
[SourceVersion "1"]
[SourceVersionDate "1995.06.01"]
[SourceQuality "1"]

1. Nf3 c5 2. c4 Nf6 3. Nc3 b6 4. g3 Bb7 5. Bg2 g6 6. O-O Bg7 7. d4 cxd4 8. Qxd4
Na6 $5 $146 (8... d6 9. Rd1 (9. Bg5 Nbd7 10. Rac1 Rc8 11. b3 O-O 12. Qd2 Nc5
13. Bh6 Nce4 14. Nxe4 Nxe4 15. Qe3 Bxh6 16. Qxh6 Rc5 $1 17. Rfd1 Qc7 18. Rd4
Rh5 19. Qe3 f5 $5 $13 {Agdestein,S-Ftacnik,L/Thessaloniki olm/1988/}) 9... Nbd7
10. Be3 Rc8 11. Rac1 O-O 12. Qh4 Bxf3 $6 (12... Re8 $142 13. Bh6 Rc5 $132) 13.
exf3 a6 14. b3 Re8 15. f4 Nc5 16. b4 Ncd7 17. Nd5 e6 18. Nxf6+ Bxf6 19. Qg4 Qc7
20. Qf3 $14 {Scarella,E-Spangenberg,H/San Martin/1995/}) (8... O-O 9. Qd3 (9.
Qh4 $142 $14) 9... Na6 $1 10. Be3 Nc5 11. Qc2 Rc8 12. Rac1 d6 13. Rfd1 Nfe4 14.
Nxe4 Bxe4 15. Qd2 Rc7 16. Bh6 Qc8 17. Bxg7 Kxg7 18. b3 Rd8 19. Nd4 Bxg2 20.
Kxg2 $10 {Umanskaya,I-Mackenzie,T/Moscow4/1991/}) 9. Nd5 (9. Qh4 h6 $5 $13 (
9... Rc8 10. Bh6 $5 Bxh6 11. Qxh6 Rxc4 12. Ne5 $44)) 9... Nc5 (9... Bxd5 10.
cxd5 $16) 10. Rd1 (10. Bg5 $2 Ne6 $17) 10... Rc8 $1 (10... O-O 11. Qh4 $14) 11.
Qh4 Nce4 12. Bh6 (12. Ng5 Rxc4 $5 13. Bxe4 (13. Nxf6+ Bxf6 $17) (13. Nxe4 Bxd5
14. Nxf6+ Bxf6 $17) (13. Ne3 Ra4 14. b3 Ra5 $15) 13... Nxd5 $1 (13... Bxd5 14.
Bxd5 $3 Rxh4 15. Bxf7+ Kf8 16. Ne6+ Kxf7 17. Nxd8+ Rxd8 18. gxh4 $16) 14. Bxd5
(14. Nxf7 Kxf7 15. Rxd5 (15. Bxg6+ hxg6 16. Qxc4 e6 $17) 15... e6 16. Bg5 Qc8
$19) 14... Bxd5 $1 $17) 12... Bxh6 13. Nxf6+ Nxf6 14. Qxh6 Bxf3 $5 (14... Rxc4
15. Ne5 Rc7 16. Bxb7 Rxb7 17. Rd3 $44 {עe8,Rh8} (17. g4 $5)) 15. Bxf3 Rxc4 16.
Rac1 Rxc1 17. Rxc1 d5 18. h4 e6 19. Qf4 (19. e3 Ke7 $5 20. Qf4 Ne8 $15) 19...
O-O 20. Rc7 Re8 (20... a5 $142 21. Rb7 $44) 21. Rxa7 $14 e5 22. Qa4 e4 (22...
Qd6 $5 {/\Rc8}) 23. Bg2 Qb8 (23... d4 24. Qc4 Rf8 (24... Re6 $6 25. Bh3 {/\} d3
26. Bxe6 d2 27. Rxf7 d1=Q+ 28. Kg2 Kh8 29. Qc3 $1 Q1d4 30. Rf8+ $18) (24... Qd5
25. Qxd5 Nxd5 26. Rd7 $16) 25. Bf1 $14 {/\Ra4}) 24. Ra6 (24. e3 d4 $5 25. exd4
e3 $44) 24... Rc8 (24... e3 25. Qd4 $5 $36) 25. Bh3 e3 $2 (25... Rc1+ 26. Kg2
$16 {/\Ra8,Qd4}) 26. f4 $6 (26. Bxc8 exf2+ (26... Ne4 27. f4 $18) 27. Kg2 $1
Ne4 (27... Qxc8 28. Ra8 $18) 28. Qe8+ Kg7 29. Ra3 $18) 26... Rc1+ 27. Kg2 Kg7
28. Qd4 Rc6 29. b4 $5 (29. Qxe3 Qb7 $1 $132) 29... Qe8 (29... Qb7 30. b5 Rd6
31. Ra3 $16) 30. Qe5 Qd8 31. Ra7 $5 (31. Qxe3 d4 $14) 31... Kf8 32. Rb7 Rd6 33.
g4 (33. Qxe3 d4 34. Qe5 $16) 33... d4 34. g5 Ng8 $8 35. f5 $40 d3 (35... Rd5
36. Rb8 Rxe5 37. Rxd8+ Re8 38. Rxe8+ Kxe8 39. Kf3 $18 {_|_}) (35... f6 36. gxf6
Nxf6 37. fxg6 hxg6 38. Be6 $18) 36. fxg6 hxg6 37. exd3 e2 (37... Ne7 38. Rxe7
$1 Qxe7 39. Qh8#) 38. Kf2 Rd5 $2 (38... f6 39. gxf6 (39. Qf4 $5) 39... Qxf6+
40. Qxf6+ Nxf6 41. Kxe2 Nd5 $16) 39. Rxf7+ $1 Kxf7 40. Be6+ Kf8 41. Bxd5 $18
1-0

[Event "EU-ch 2nd"]
[Site "Ohrid"]
[Date "2001.06.09"]
[Round "8"]
[White "Chuchelov, Vladimir"]
[Black "Jaracz, Pawel"]
[Result "1/2-1/2"]
[WhiteElo "2550"]
[BlackElo "2484"]
[Annotator "Stohl,I"]
[PlyCount "78"]
[EventDate "2001.06.01"]
[EventType "swiss"]
[EventRounds "13"]
[EventCountry "YUG"]
[SourceTitle "CBM 084"]
[Source "ChessBase"]
[SourceDate "2001.09.13"]
[SourceVersion "1"]
[SourceVersionDate "2001.09.13"]
[SourceQuality "1"]

1. Nf3 c5 2. c4 Nf6 3. g3 b6 4. Bg2 Bb7 5. O-O e6 6. Nc3 Be7 7. Re1 d6 8. e4 a6
9. d4 cxd4 10. Nxd4 Qc7 11. Be3 Nbd7 12. Rc1 O-O 13. f4 Rfe8 {The older move,
which isn't played so often nowadays.} ({The latest wrinkle is} 13... h5 $5 {
Black threatens Ng4 and intends to complicate White's planned >>P advance and
make it even more committal. Also after a future possible e5 advance the N
gains a retreat square on h7.} 14. h3 Rfe8 ({Too passive is} 14... g6 15. Bf2
Rfc8 16. b3 Bf8 17. Qd2 Rab8 18. Bf3 Bh6 19. Be3 Nc5 20. f5 Bxe3+ 21. Qxe3 exf5
22. exf5 Re8 23. Qg5 Nh7 {Tratar,M-Sutkovic,D/Pula op/2001/} 24. Qh6 $1 $40) {
White's best is probably a more restrained approach, but even here it's
difficult to claim any concrete advantage.} 15. Bf2 (15. g4 hxg4 16. hxg4 Nc5
17. Bf2 d5 $1 {As we will see later, without the insertion of h3 and h5 this
active break doesn't work for Black.} 18. e5 Nfe4 19. Be3 dxc4 20. Nxe4 Nxe4
21. Qc2 Nc5 22. Qxc4 {Gurevich,M-Hoffmann,M/NED-chT/2000/} Rac8 23. Qe2 Qd7 $11
) (15. Nd5 exd5 16. cxd5 Qb8 17. Nc6 Bxc6 18. dxc6 Nc5 19. c7 Qxc7 20. e5 dxe5
21. Bxa8 Rxa8 22. b4 Rd8 23. Qe2 e4 24. bxc5 Bxc5 25. Bxc5 bxc5 26. Red1 Rc8
27. Qe3 (27. Qxa6 h4 $44) 27... c4 28. Rc2 Qc6 29. Kh2 Qe6 30. Qd4 Qc6 31. Rdc1
Qa4 $11 {Hoffmann,M-Nisipeanu,L/Bad Wiessee op/1998/}) 15... Bf8 (15... g6 16.
Nf3 Bf8 17. b3 Rac8 18. Qd2 Qb8 19. Ng5 Ba8 20. Qe2 {1/2,Agrest,E-Nielsen,P/
EU-ch Ohrid/2001/}) 16. Nf3 Rad8 17. Qe2 g6 18. Ng5 Nh7 19. Nxh7 Kxh7 20. g4
hxg4 21. hxg4 Bg7 22. Bf3 g5 23. e5 Bxf3 24. Qxf3 gxf4 25. exd6 Qxd6 26. Ne4
Qc7 27. Bh4 Ne5 28. Qh1 Kg8 29. Nf6+ Kf8 30. Nh7+ Kg8 31. Nf6+ Kf8 32. Nh7+ $11
{1/2,Gurevich,M-Nisipeanu,L/Cap d'Agde/2000/}) 14. Nd5 {[%mdl 64] A forcing
tactical continuation, which however doesn't give White much. More promising is
} (14. g4 Nc5 15. Bf2 g6 (15... d5 $2 16. exd5 exd5 17. Nxd5 Bxd5 18. cxd5 Qxf4
19. Bg3 $1 {See the above to note to 13...h5!?} Qxg4 20. d6 Qxd1 21. Rcxd1 Bf8
22. Bxa8 Rxa8 23. b4 Ncd7 24. Nc6 {1-0,Smejkal,J-Hoffmann,M/Munich op/1993/})
16. b4 Ncd7 $6 (16... Rad8 $142 $132) 17. Nd5 $1 exd5 18. cxd5 Qd8 19. Nc6 Bxc6
20. dxc6 Nf8 (20... Rc8 21. e5 $1 dxe5 22. fxe5 Nxe5 23. Rxe5 Qxd1+ 24. Rxd1
Nxg4 25. Rxe7 $1 Rxe7 26. Bxb6 Ne5 27. Rd8+ Re8 28. c7 Nc4 29. Bb7 {1-0,
Greenfeld,A-Cyborowski,L/EU-ch Ohrid/2001/}) 21. Qf3 $6 (21. c7 Qc8 22. Bxb6
$16) 21... d5 22. exd5 Bxb4 23. Re5 Bd6 24. Bh4 Bxe5 25. fxe5 Qxd5 26. Bxf6
Qxf3 27. Bxf3 $44 {Lobron,E-Greenfeld,A/Ljublana Portoroz/1989/}) 14... exd5 ({
After the untested} 14... Qb8 {the direct tries don't work:} 15. Nxe7+ Rxe7 16.
Bd2 $142 $5 (16. e5 $6 dxe5 17. fxe5 (17. Nc6 Bxc6 18. Bxc6 Ra7 19. fxe5 Nxe5
20. Bf4 Qc8 $15) 17... Nxe5 18. Bf4 Bxg2 19. Bxe5 Qb7 20. Bxf6 Bh3 $1 $36)
16... Nc5 17. Qc2 $14) 15. cxd5 Qb8 (15... Nc5 16. b4 Bf8 17. bxc5 bxc5 18. Bd2
{/\Nb3+/-}) (15... Qd8 16. Nc6 Bxc6 17. dxc6 Nc5 18. c7 Qxc7 {-18.c7}) 16. Nc6
Bxc6 17. dxc6 Nc5 18. e5 {Formally a new move, but it could have led to the
same position as the original} (18. c7 Qxc7 19. e5 dxe5 20. Bxa8 Rxa8 21. b4
exf4 (21... Rd8 22. Qe2 Nd5 23. bxc5 bxc5 24. fxe5 Nxe3 25. Qxe3 c4 26. Qe4
Qc5+ 27. Kh1 $14 {Fritz,R-Bromberger,S/BL2S 9899/1999/}) 22. Bxf4 Qa7 (22...
Qb7 $142 $1 23. bxc5 Bxc5+ 24. Be3 Bb4 25. Re2 b5 $11 {Ftacnik}) 23. bxc5 Bxc5+
24. Kg2 Qb7+ 25. Qf3 Qxf3+ 26. Kxf3 Nd5 27. Bd2 f6 28. Re2 Rd8 29. Rc4 Kf7 30.
Be1 Nc7 31. Rd2 $14 {Ftacnik,L-Browne,W/San Francisco/1991/}) 18... dxe5 19. c7
(19. fxe5 $2 Qxe5 20. c7 Rac8 21. Bf4 Qf5 $19) 19... Qc8 $146 {[%mdl 8] An
interesting, but very risky attempt to avoid the above mentioned line} (19...
Qxc7 {-18.c7}) (19... Qa7 $5 20. fxe5 Nfe4 (20... Nfd7 21. Bxa8 Qxa8 22. b4 $16
Nxe5 $2 23. Bxc5 Nf3+ 24. Qxf3 Qxf3 25. Bxe7 $18) 21. b4 Rac8 22. Qc2 a5 $5 (
22... Bg5 23. Bxg5 Nxg5 24. bxc5 Qxc7 25. c6 $5 $44) 23. a3 axb4 24. axb4 Bf8
25. Bxe4 Nxe4 26. Qxe4 Rxc7 $11) 20. fxe5 Nfe4 $1 (20... Nfd7 $2 21. Bxa8 Qxa8
22. b4 $16) (20... Ng4 $143 21. Bxc5 (21. e6 f5 22. Bf4 (22. b4 Nxe3 23. Rxe3
Bg5 $19) 22... g5 23. Bd6 $36) 21... Bxc5+ 22. Rxc5 bxc5 23. Bxa8 Nxe5 24. Qd6
Nf3+ 25. Bxf3 Rxe1+ 26. Kg2 $16) 21. b4 Ra7 22. bxc5 (22. Qc2 $5 Rxc7 (22... a5
23. Bxe4 axb4 (23... Nxe4 24. Bxb6 {Compared with the above line, where
Black's major pieces were the other way round (Qa7, Rc8), White has thisa
extra possibility.} Ng5 (24... Rb7 25. Qc6 {[%cal Rc6e8] /\Qe8+-}) 25. Bxa7
Nf3+ 26. Kh1 Nxe1 27. Qc6 $16) 24. Bxh7+ Kh8 25. Bf5 $40) (22... Bf8 23. Red1
$36) 23. Bxe4 Ne6 24. Qb1 $14) 22... Nxc5 23. e6 $1 {White must act fast,
otherwise he will lose his Pct for next to nothing.} (23. Bd5 Rxc7 24. Rf1 Bf8
$15) (23. Bf4 Ne6 24. Bc6 Bc5+ 25. Rxc5 bxc5 26. Bd7 Qa8 27. Qd6 (27. Bxe8 Qxe8
28. Qa4 Qc8 $17) 27... Rc8 $1 $15) 23... fxe6 $8 (23... Rxc7 $2 24. exf7+ Kxf7
25. Bd5+ Ne6 (25... Kf8 26. Qh5 Bf6 27. Rxc5 $1 bxc5 28. Bxc5+ Rxc5 29. Qf7#) (
25... Kg6 26. Qc2+ Qf5 27. Rf1 $1 Qxc2 28. Bf7#) 26. Qh5+ Kf8 27. Bxe6 $18) (
23... Nxe6 $2 24. Bxb6 $16) 24. Bf4 Bf6 $2 (24... Rxc7 $2 25. Bxc7 Qxc7 26.
Rxe6 $16) (24... Rf8 $142 $1 25. Bh3 $44 {/\} (25. Qd2 Rxf4 $11) 25... Rxf4 26.
Rxe6 $1 Qxc7 27. gxf4 $14 {Black is trying to get rid of the o^c7 without
sacrificing material, but this is asking too much.}) 25. Qd6 e5 26. Bc6 $6 (26.
Qxb6 Rxc7 27. Be3 Be7 (27... Ne6 $2 28. Bd5 $36) 28. Bf2 $44 {[%csl Gf2,Gg2]
[%cal Gc1c8] ^^,<->c}) ({A much stronger continuation was} 26. Bd5+ $1 Kh8 27.
Bxe5 (27. Bc6 $2 Re6 $17) 27... Bxe5 28. Rxe5 Rxe5 29. Qxe5 {and there is no
defence against Re1:} Rxc7 30. Re1 $1 h6 31. Qh5 $18) 26... Qxc7 $1 {[]} (26...
Rf8 27. Rxe5 $1 Bxe5 (27... Rxc7 28. Rexc5 $18) 28. Bxe5 Kh8 29. Rxc5 bxc5 30.
Bd7 Qa8 31. Qh6 $18 Rf7 32. c8=Q+ $18) 27. Qd5+ (27. Qxc7 Rxc7 28. Bxe8 exf4
29. gxf4 g6 30. Kg2 Kf8 $44 {despite White's slight material advantage doens't
give him very realistic winning chances.}) 27... Kf8 $8 (27... Qf7 28. Qxf7+
Rxf7 29. Bxe8 Re7 30. Bxe5 $16) (27... Kh8 $2 28. Bxe8 exf4 29. Bd7 $18) 28.
Bxe8 exf4 29. Qf5 $2 {Now White's K will be too vulnerable.} (29. Bc6 g5 (29...
g6 30. Rc4 $1 $16 {/\} fxg3 $2 31. Re8+ Kg7 32. Rg8+ Kh6 33. Qd2+ Bg5 34. Rh4#)
30. Re8+ Kg7 31. Rg8+ Kh6 32. h4 $40) 29... fxg3 30. Qxh7 gxh2+ 31. Kh1 (31.
Qxh2 $2 Qxh2+ 32. Kxh2 Nd3 $19) 31... Qb7+ 32. Kxh2 Qb8+ 33. Kg2 Qa8+ 34. Kh2
Qb8+ 35. Kg2 Qa8+ 36. Kg3 Qb8+ 37. Kg4 Qc8+ 38. Kg3 {Ther is nowhere to hide
from the perpetual:} (38. Kh5 $4 Qh3+ 39. Kg6 Qg4#) 38... Qb8+ 39. Kg2 Qa8+
1/2-1/2